To that... with love and reverence / (Record no. 143935)

MARC details
000 -LEADER
fixed length control field 00547nam a22001817a 4500
005 - DATE AND TIME OF LATEST TRANSACTION
control field 20170830150644.0
010 ## - LCCN (DPL NO)
LC control number ENG-120164
020 ## - INTERNATIONAL STANDARD BOOK NUMBER
International Standard Book Number 9788184621433
Terms of availability 350.00
035 ## - SYSTEM CONTROL NUMBER
System control number EN-103696
037 ## - SOURCE OF ACQUISITION
Source of stock number/acquisition DBAD/PUB
082 ## - DEWEY DECIMAL CLASSIFICATION NUMBER
Classification number 881
100 ## - MAIN ENTRY--PERSONAL NAME
Personal name Khanna,Ashu
245 ## - TITLE STATEMENT
Title To that... with love and reverence /
Statement of responsibility, etc by Ashu Khanna
260 ## - PUBLICATION, DISTRIBUTION, ETC. (IMPRINT)
Place of publication, distribution, etc Mumbai
Name of publisher, distributor, etc Vakils, Feffer & Simons
Date of publication, distribution, etc 2017
270 ## - ADDRESS
Address Industry Manor, Appasaheb Marathe Marge Prabhadevi
City Mumbai
Postal code 400025
300 ## - PHYSICAL DESCRIPTION
Extent 99p.
Dimensions 22cm(pbk)
942 ## - ADDED ENTRY ELEMENTS (KOHA)
Source of classification or shelving scheme Dewey Decimal Classification
Item type English Books
Classification part 881
Call number suffix KHA
Holdings
Withdrawn status Lost status Not for loan Collection code Home library Current library Date acquired Source of acquisition Cost, normal purchase price Full call number Barcode Copy number Cost, replacement price Koha item type
      Non-fiction Shahdara Branch Shahdara Branch 30/08/2017 DBAD/PUB 350.00 881 KHA EN-103696 1 350.00 English Books

© Delhi Public Library
Hit Counter
free hit counter